L'Époque et le Règne de XIV - Culture Générale (Intermédiaire) - Statistiques

Statistiques générales
  • Ce quiz a été pris 27 fois
  • Le résultat moyen est 14 sur 25
Statistiques - réponses
Question Réponse % Correct
Qui est son père ? Louis XIII
100%
Institution inaugurée en 1666 et qui est dédiée à l'étude de l'astronomie,mathématiques,physique,etc... L'Académie des... Sciences
90%
Il s'installa définitivement avec sa cour dans ce célèbre château en 1682. Versailles
90%
Célèbre Galerie du Château de Versailles,la plus longue du domaine. Galerie des Glaces
85%
Sous son règne,l'explorateur Louis Cavalier de la Salle découvrit cette région,aujourd'hui Etat des États-Unis,et lui donna son nom en l'honneur du Roi. Louisiane
85%
Dramaturge et Écrivain ayant notamment écrit et mis en scène "Les Précieuses Ridicules" ou encore "Le Malade Imaginaire". Molière
85%
Qui est sa mère ? Anne d'Autriche
75%
Avec qui sa mère assura la régence pendant sa minorité ? Le Cardinal Mazarin
75%
De quelle dynastie fait-il parti ? Bourbons
70%
Style Architectural et Artistique dominant de son époque. Baroque
65%
Deuxième Épouse (Secrète) Madame de Maintenon
65%
En quelle année est-il né ? 1638
60%
Jardinier du Roi qui réalisa les magnifiques « Jardins à la Française ». André le Nôtre
60%
En quelle année débute son règne personnel ? 1661
55%
Il a 10 ans lors de cet événement qui lui apprendra à se méfier de Paris. La Fronde
55%
Surintendant des finances qu'il fait arrêter puis emprisonner. Nicolas Fouquet
50%
Quel âge a-t-il lorsqu'il monte sur le Trône de France ? 4 ans
40%
Ville de naissance Saint-Germain-en-Laye
35%
Affaire criminelle célèbre entraînant des séries d'empoisonnements inexpliqués. Affaire des Poisons
30%
Première Épouse Marie-Thérèse d'Autriche
30%
Peintre ayant réalisé son portrait le plus célèbre,le représentant en Costume de Sacre. Hyacinthe Rigaud
25%
Comment se nomme son seul frère cadet ? Philippe d'Orléans
25%
Guerre à laquelle la France a participée entre 1672 et 1678. Guerre de Hollande
15%
Fils aîné de son premier mariage. Louis de France
15%
Première Maîtresse officielle Louise de la Vallière
15%
Aucun quiz correspondant
Distribution des résultats
% des personnes avec chaque résultat
Percentile par nombre de réponses
Votre historique - résultats
Vous n’avez pas pris ce quiz